The molecular pathology of EBV infection in nasopharyngeal carcinoma /
Saved in:
| Main Author: | |
|---|---|
| Format: | Thesis Book |
| Language: | English |
| Published: |
1997.
|
| Subjects: | |
| Tags: |
Add Tag
No Tags, Be the first to tag this record!
|
| LEADER | 01181cam a2200313 i 4500 | ||
|---|---|---|---|
| 001 | u425219 | ||
| 003 | SIRSI | ||
| 008 | 980613s1997 my t 00 1 eng m | ||
| 035 | |a ACF-2498 | ||
| 040 | |a UMP | ||
| 096 | |a QZ4 |b UMP 1997 Rpa | ||
| 100 | 0 | |a R. Pathmanathan, |e author. | |
| 245 | 1 | 4 | |a The molecular pathology of EBV infection in nasopharyngeal carcinoma / |c R. Pathmanathan. |
| 260 | |c 1997. | ||
| 300 | |a xv, 205 leaves : |b illustrations (some color) ; |c 30 cm. | ||
| 336 | |a text |2 rdacontent | ||
| 337 | |a unmediated |2 rdamedia | ||
| 338 | |a volume |2 rdacarrier | ||
| 502 | |b Thesis (Ph.D.) |c Department of Pathology, Faculty of Medicine, University of Malaya |d 1997. | ||
| 504 | |a Bibliography: leaves 164-188. | ||
| 650 | 1 | 2 | |a Nasopharyngeal Diseases |x pathology. |
| 650 | 2 | 2 | |a Carcinoma |x pathology. |
| 650 | 2 | 2 | |a Herpesvirus 4, Human. |
| 710 | 2 | 0 | |a Universiti Malaya. |b Jabatan Patologi, |e issuing body. |
| 900 | |a RAH | ||
| 948 | |a 13/06/1998 |b 13/04/1999 | ||
| 596 | |a 2 | ||
| 999 | |a QZ4 UMP 1997 RPA |w NLM |c 1 |i A502747246 |l TESIS |m P02MEDKL |r Y |s Y |t TESIS |u 28/4/1999 | ||
| 999 | |a QZ4 UMP 1997 RPA |w NLM |c 1 |i A510703054 |d 19/2/2010 |f 19/2/2010 |g 1 |l TESIS |m P02MEDKL |r Y |s Y |t TESIS |u 19/2/2010 | ||
